| 000 | 00385nam a2200133Ia 4500 | ||
|---|---|---|---|
| 008 | 240729s9999 xx 000 0 und d | ||
| 245 | 0 | _aYanbu Journal of Engineering and Science | |
| 260 | _aSaudi Arabia | ||
| 260 | _bYanbu Industrial College | ||
| 650 | _aTechnology | Science | ||
| 856 | _uhttps://doaj.org/toc/bb1907d6ae254da5a4e14322829df05a | ||
| 942 | _2ddc | ||
| 942 | _cDOAJEJ | ||
| 999 |
_c68595 _d68595 |
||
| 945 |
_a1 _bMadushi Gamage _c1 _dMadushi Gamage |
||